00459 2200193 4500001002100000005001500021035002000036008004100056245004000097100001500137250000600152260003600158300001100194084001400205082000800219650001400227990001200241990001200253INLIS00000000000040020240430015904 a0010-0424000376240430 0 ind 1 aSelayang Pandang Bali /cM. Purwati aM. Purwati a1 aKlaten :bIntan Pariwara,c2009 a60 hlm a900 PUR s a900 4aNon Fiksi a0728639 a0728640